01017nam a2200229Ia 4500008004100000082001700041100002000058245002600078250000800104260002500112300001300137500002400150650001600174700004100190942000700231952010600238952010600344952010600450952010700556952010700663999001700770230524s9999 xx 000 0 und d a621.382bCAR aA.Bruce Carlson 0aCommunication Systems a4TH aNEW DELHIbTMHc2002 aXIII;839 aQuantity Number: 5 aElectronics a" Paul B.Crilly,Janet C.Rutledge,,," cBK 00104070aTATCLbTATCLcGENd2023-05-24l0o621.382 CARp8879r2023-05-24w2023-05-24yBKzPCEC4302 00104070aTATCLbTATCLcGENd2023-05-24l0o621.382 CARp8880r2023-05-24w2023-05-24yBKzPCEC4302 00104070aTATCLbTATCLcGENd2023-05-24l0o621.382 CARp9264r2023-05-24w2023-05-24yBKzPCEC4302 00104070aTATCLbTATCLcGENd2023-05-24l0o621.382 CARp16797r2023-05-24w2023-05-24yBKzPCEC4302 00104070aTATCLbTATCLcGENd2023-05-24l0o621.382 CARp16798r2023-05-24w2023-05-24yBKzPCEC4302 c31700d31700